Bytový dom

Gespeichert in:
Bibliographische Detailangaben
1. Verfasser: Struhačka, Juraj (Verfasst von)
Weitere Verfasser: Jamnický, Martin (Betreuung Doktorarbeit)
Format: Manuskript Buch
Sprache:Slowakisch
Veröffentlicht: 2020
Schlagworte:
Online-Zugang:http://is.stuba.sk/zp/portal_zp.pl?podrobnosti=159803
https://opac.crzp.sk/?fn=detailBiblioForm&sid=72994EA9AD52E4DE4F914F064587
Tags: Tag hinzufügen
Keine Tags, Fügen Sie das erste Tag hinzu!

MARC

LEADER 00000ntm a22000003a 4500
001 stuzp80329
003 SK-STU
005 20230523082648.7
007 ta
008 150427s2015----xo-----f-mn---000-0-slo-d
040 |a STU  |b slo 
041 0 |a slo 
100 1 |a Struhačka, Juraj  |u 010180  |4 aut  |U SvF Stavebná fakulta  |T SvF Katedra konštrukcií pozemných stavieb  |X 65152  |U V180  |Y 18  |7 65152 
242 0 1 |a Residential house  |y eng 
245 1 0 |a Bytový dom 
260 |c 2020 
650 4 |a Bytový dom  |2 slo 
650 4 |a Bakalárna práca  |2 slo 
650 4 |a Realizačný projekt  |2 slo 
650 4 |a Bachelor thesis  |2 eng 
650 4 |a Project for realization  |2 eng 
650 4 |a Residential house  |2 eng 
700 1 |a Jamnický, Martin  |u 010180  |k Z1  |4 ths  |U SvF Stavebná fakulta  |T SvF Katedra konštrukcií pozemných stavieb  |X 4052  |U V180  |Y 18  |7 A000004052 
856 4 |u http://is.stuba.sk/zp/portal_zp.pl?podrobnosti=159803 
856 4 |u https://opac.crzp.sk/?fn=detailBiblioForm&sid=72994EA9AD52E4DE4F914F064587